نقد حر ف :تنقيد ی مضا مين (Record no. 172492)
[ view plain ]
| 000 -LEADER | |
|---|---|
| fixed length control field | 00609nam a22001937a 4500 |
| 005 - DATE AND TIME OF LATEST TRANSACTION | |
| control field | 20200206111250.0 |
| 010 ## - LCCN (DPL NO) | |
| LC control number | A-419346 |
| 020 ## - INTERNATIONAL STANDARD BOOK NUMBER | |
| Terms of availability | 60.00 |
| International Standard Book Number | - |
| 035 ## - SYSTEM CONTROL NUMBER | |
| System control number | A-419346 |
| 037 ## - SOURCE OF ACQUISITION | |
| Source of stock number/acquisition | DBAD/PUB |
| Stock number | - |
| 082 ## - DEWEY DECIMAL CLASSIFICATION NUMBER | |
| Classification number | 848 |
| 100 ## - MAIN ENTRY--PERSONAL NAME | |
| Personal name | ممتا ز حسين |
| 245 ## - TITLE STATEMENT | |
| Title | نقد حر ف :تنقيد ی مضا مين |
| Statement of responsibility, etc | ممتا ز حسين |
| 246 ## - VARYING FORM OF TITLE | |
| Remainder of title | Naqad-e-Harf:Tanqeedi Mazameen (Urdu) |
| Title proper/short title | by Mumtaz Hussain |
| 260 ## - PUBLICATION, DISTRIBUTION, ETC. (IMPRINT) | |
| Place of publication, distribution, etc | Pakistan |
| Name of publisher, distributor, etc | Maktaba Asloob |
| Date of publication, distribution, etc | 1985 ء |
| 270 ## - ADDRESS | |
| Address | Post Box 2119,Kiranchi |
| City | Kiranchi |
| Postal code | 18 |
| Telephone number | - |
| Fax number | - |
| 300 ## - PHYSICAL DESCRIPTION | |
| Extent | 303 ص |
| Dimensions | 22 Cm(Hb) |
| 942 ## - ADDED ENTRY ELEMENTS (KOHA) | |
| Source of classification or shelving scheme | Dewey Decimal Classification |
| Item type | Urdu Bks |
| Classification part | 848 |
| Call number suffix | م م ت |
| Withdrawn status | Lost status | Not for loan | Collection code | Home library | Current library | Date acquired | Source of acquisition | Cost, normal purchase price | Full call number | Barcode | Copy number | Cost, replacement price | Koha item type |
|---|---|---|---|---|---|---|---|---|---|---|---|---|---|
| Non-fiction | Central Library | Central Library | 06/02/2020 | BPPD/Ven. | 60.00 | 848 م م ت | A-419346 | 1 | 60.00 | Urdu Bks |
